personnage de Vinland Saga - Statistiques

Statistiques générales
  • Ce quiz a été pris 210 fois
  • Le résultat moyen est 11 sur 27
Statistiques - réponses
Indice Lettre Personnage % Correct
A est le fils de Q A Thorfinn
94%
Suite à la naissance de V, Q va prendre conscience petit à petit de l'horreur de la guerre et réaliser son dégoût pour la violence et la mort Q Thors Snorresson
86%
C a tué Q C Askeladd
81%
P est devenu le Viking le plus fort du monde de après la mort de Q. P et Q sont d'ancien ami P Thorkell
73%
I est un prince qui changera de comportement à la mort de T I Knut / canute
69%
E rencontre A dans la ferme de H E Einar
64%
Le vrai nom de M est Roald, fils de Grim M Serpent
56%
D est le second C D Bjorn
53%
G a combattu avec Q mais il semble lui porter rancœur pour avoir déserté le champ de bataille G Floki
48%
H est le père de J et de O H Ketil
48%
U est la femme de Q U Helga
45%
T a été tuer par C. T est aussi le père de I T Sven
44%
F vit dans le même village que U F Leif Ericson
43%
S a été chargé de l'éducation de I S Ragnar
41%
O sert dans la garde de I O Thorgil
34%
V est de la même famille que U V Ylva
31%
B est une esclave travaillant dans le domaine de H B Arnheid
28%
L est un mercenaire travaillant sous les ordres de M L Renard
25%
J est le frère de O J Ormar
23%
Bonus est amoureux de B Bonus Gardar
22%
K est un fermier travaillant dans le domaine de H K Patel
17%
N est le père de H N Sverker
17%
W est le père de C W Olaf
16%
X est un membre de la famille de R X Atli
7%
Z est un homme politique qui a servi de conseiller à I Z Gunnar
7%
R est un ancien membre de la célèbre bande de pirates vikings de C R Torgrim
7%
Y est le bras droit de P Y Asgeir
4%
Aucun quiz correspondant
Distribution des résultats
% des personnes avec chaque résultat
Percentile par nombre de réponses
Votre historique - résultats
Vous n’avez pas pris ce quiz